| 000 | 00599cam a22002171a 4500 | ||
|---|---|---|---|
| 001 | sa 65001524 | ||
| 003 | DLC | ||
| 005 | 20260227112109.0 | ||
| 008 | 950414q19601969io 000 1 ind | ||
| 010 | _asa 65001524 | ||
| 025 | _aPL480:Indo-1306 | ||
| 035 | _a(OCoLC)32306088 | ||
| 040 |
_aDLC _cWU _dDLC |
||
| 042 | _apremarc | ||
| 050 | 0 | 0 |
_aPL5089.S83 _bT5 |
| 100 | 0 | _aSutojo M. D. | |
| 245 | 1 | 0 |
_aTingkah gila beroleh pahala : _bkisah² djenaka Abunawas / _c[oleh] Sutojo M.D. |
| 260 |
_aTasikmalaja : _bSwandjaja, _c[196-?] |
||
| 300 |
_a46 p. : _bill. ; _c16 cm. |
||
| 440 | 0 | _aBuku saku ABC | |
| 999 |
_c62084 _d62084 |
||